| 000 | 00378nam a2200145Ia 4500 | ||
|---|---|---|---|
| 008 | 230917s9999||||xx |||||||||||||| ||und|| | ||
| 040 |
_e123533 _aMAIN |
||
| 041 | _aEnglish | ||
| 082 | _a647.94 S38H | ||
| 100 | _aSrivastava, V K | ||
| 245 | 0 | _aHotel accommodation: Operation and management | |
| 260 |
_aNew Delhi _bAman Publications _c2008 |
||
| 300 | _a298 p. | ||
| 942 | _cBK | ||
| 999 |
_c145717 _d145717 |
||